| 000 | 00510nam a2200181Ia 4500 | ||
|---|---|---|---|
| 003 | IN-BaIIA | ||
| 008 | 211028s9999 xx 000 0 eng d | ||
| 040 | _cIIA Library | ||
| 080 |
_a52:77 _bHEN |
||
| 100 |
_aHenden, A A _913958 |
||
| 245 | 0 |
_aAstronomical Photometry _cR H Kaitchuk and A A Henden |
|
| 260 |
_aNew York _bVan Nostrand _c1982 |
||
| 300 | _axii, 392p. | ||
| 650 | _aAstronomical Photometry | ||
| 650 | _aAstronomy and Astrophysics Thesaurus | ||
| 700 |
_aKaitchuk, R. H. _913959 |
||
| 942 | _cBK | ||
| 999 |
_c8323 _d8323 |
||